Una revisión de la historia judía y otros ensayos
I tiakina i:
| Kaituhi matua: | |
|---|---|
| Hōputu: | Pukapuka |
| Reo: | Pāniora |
| I whakaputaina: |
Barcelona
Paidós
2005
|
| Rangatū: | Paidós Básica
|
| Ngā marau: | |
| Ngā Tūtohu: |
Tāpirihia he Tūtohu
Kāore He Tūtohu, Me noho koe te mea tuatahi ki te tūtohu i tēnei pūkete!
|
MARC
| LEADER | 00000nam a2200000 a 4500 | ||
|---|---|---|---|
| 001 | UCH1425 | ||
| 003 | CL-VaPUC | ||
| 008 | 090427e20050000SP |||||||||||||||||spa|d | ||
| 020 | |a 8449316596 | ||
| 082 | 0 | 4 | |a 193 |b ARE |2 21 |
| 100 | 0 | |a Arendt, Hannah |e author |9 376197 | |
| 245 | 1 | 4 | |a Una revisión de la historia judía y otros ensayos |
| 300 | |a 190 p | ||
| 942 | |c BK | ||
| 945 | |d 20090427 00:00:00 |a rbrito | ||
| 260 | |a Barcelona |b Paidós |c 2005 | ||
| 650 | 0 | |a Filosofía alemana |9 265002 | |
| 650 | 0 | |a Judíos |9 313771 | |
| 583 | |a last modification |c 20090427 00:00:00 |k Rodrigo Vera | ||
| 490 | 0 | |a Paidós Básica | |
| 999 | |c 333464 |d 333462 | ||
| 952 | |0 0 |1 0 |4 0 |6 193_000000000000000_ARE_2005 |7 0 |8 A |9 421892 |a BIBHIS |b BIBHIS |d 2019-11-22 |i 4539435 |o 193 ARE 2005 |p 4539435 |r 2025-01-20 |w 2019-11-22 |y BK |k HIS | ||